Online
Catalog

Aportes de la cultura haitiana en la frontera dominicana : (Record no. 1722)

MARC details
000 -CABECERA
campo de control de longitud fija 01557nam a2200277 a 4500
001 - NÚMERO DE CONTROL
campo de control 000001845
005 - FECHA Y HORA DE LA ÚLTIMA TRANSACCIÓN
campo de control 20200929145728.0
008 - DATOS DE LONGITUD FIJA--INFORMACIÓN GENERAL
campo de control de longitud fija 090629s2001 dr a 001 0 spa d
020 ## - NÚMERO INTERNACIONAL ESTÁNDAR DEL LIBRO
Número Internacional Estándar del Libro 9993484709
040 ## - FUENTE DE LA CATALOGACIÓN
Centro catalogador/agencia de origen DO-SdBNP
Lengua de catalogación spa
Centro/agencia transcriptor BNPHU
082 ## - NÚMERO DE LA CLASIFICACIÓN DECIMAL DEWEY
Número de clasificación 304.8729307294
Número de documento/Ítem M433a
100 1# - ENTRADA PRINCIPAL--NOMBRE DE PERSONA
Nombre de persona Matías, Bernardo.
9 (RLIN) 6004
245 10 - MENCIÓN DE TÍTULO
Título Aportes de la cultura haitiana en la frontera dominicana :
Resto del título estudio exploratorio /
Mención de responsabilidad, etc. Bernardo Matías.
260 ## - PUBLICACIÓN, DISTRIBUCIÓN, ETC.
Lugar de publicación, distribución, etc. Santo Domingo :
Nombre del editor, distribuidor, etc. Helvetas,
Fecha de publicación, distribución, etc. 2001.
300 ## - DESCRIPCIÓN FÍSICA
Extensión 67 p. :
Otras características físicas il. ;
Dimensiones 22 cm.
500 ## - NOTA GENERAL
Nota general Incluye índice
500 ## - NOTA GENERAL
Nota general Inluye datos biográficos del autor.
500 ## - NOTA GENERAL
Nota general Incluye referencias bibliográficas y notas al pie de las páginas
504 ## - NOTA DE BIBLIOGRAFÍA, ETC.
Nota de bibliografía, etc. Bibliografía : p. 61-62
505 0# - NOTA DE CONTENIDO CON FORMATO
Nota de contenido con formato Presentación -- Introducción, objetivos y metodología del estudio-- Movimientos migratorios haitianos en la frontera -- Cultura del trabajo y del mercado-- Sincretismo, lenguaje y simbolismo religiosos-- Estructura familiar y relaciones de parentesco en la frontera -- Influencia haitiana en el idioma criollo dominicano de la frontera -- Percepción del dominicano frente a la cultura haitiana en la frontera : Dual y contradictoria -- Conclusión-- Bibliografía consultada -- Anexos.
650 #4 - PUNTO DE ACCESO ADICIONAL DE MATERIA--TÉRMINO DE MATERIA
Término de materia o nombre geográfico como elemento de entrada Multiculturalismo
Subdivisión geográfica República Dominicana.
9 (RLIN) 6005
651 #4 - PUNTO DE ACCESO ADICIONAL DE MATERIA--NOMBRE GEOGRÁFICO
Nombre geográfico República Dominicana
Subdivisión general Relaciones Exteriores.
9 (RLIN) 2258
651 #4 - PUNTO DE ACCESO ADICIONAL DE MATERIA--NOMBRE GEOGRÁFICO
Nombre geográfico Haití
Subdivisión general Emigración E Inmigración
Subdivisión geográfica República Dominicana.
9 (RLIN) 5922
651 #4 - PUNTO DE ACCESO ADICIONAL DE MATERIA--NOMBRE GEOGRÁFICO
Nombre geográfico República Dominicana
Subdivisión general Emigración E Inmigración
Subdivisión geográfica Haití.
9 (RLIN) 5923
910 ## - DATOS DE OPCIÓN DEL USUARIO (OCLC)
Datos de opción del usuario Jornada de catalogación
Holdings
Estado de retiro Estado de pérdida Restricciones de uso No para préstamo Código de colección Localización permanente Ubicación/localización actual Ubicación en estantería Fecha de adquisición Número de inventario Total de préstamos Signatura topográfica completa Código de barras Fecha visto por última vez Número de copia Precio válido a partir de Tipo de ítem Koha
        Dominicana de Servicio General General En catalogación 29.06.2009 LF1   304.8729307294 M433a 1845-30 25.06.2020 e. 3 25.06.2020 Libro y Folleto Colección Dominicana de Servicio
        Dominicana de Servicio General General En catalogación 29.06.2009 LF1   304.8729307294 M433a 1845-40 25.06.2020 e. 4 25.06.2020 Libro y Folleto Colección Dominicana de Servicio
        Dominicana de Servicio General General En catalogación 29.06.2009 LF1   304.8729307294 M433a 1845-50 25.06.2020 e. 5 25.06.2020 Libro y Folleto Colección Dominicana de Servicio
        Patrimonio Dominicano Patrimonio Dominicano Patrimonio Dominicano En catalogación 29.06.2009 LF1   304.8729307294 M433a 1845-10 25.06.2020   25.06.2020 Libro y Folleto Colección Patrimonio Dominicano
    Préstamo restringido Préstamo restrigido Patrimonio Dominicano Patrimonio Dominicano Patrimonio Dominicano En catalogación 29.06.2009 LF1   304.8729307294 M433a 1845-20 25.06.2020 e. 2 25.06.2020 Libro y Folleto Colección Patrimonio Dominicano

Powered by Koha